The Little, Brown handbook
The Little, Brown Handbook provides reliable and thorough coverage of such handbook basics as the writing process, grammar, research, and documentation, while also giving detailed discussions of critical reading and writing in academic situations, study skills, argument, using computers and the Inte...
Guardat en:
| Autor principal: | |
|---|---|
| Format: | Llibre |
| Idioma: | Undetermined |
| Publicat: |
New York
Pearson Longman
2007
|
| Matèries: | |
| Etiquetes: |
Afegir etiqueta
Sense etiquetes, Sigues el primer a etiquetar aquest registre!
|
| Thư viện lưu trữ: | Trung tâm Học liệu Trường Đại học Cần Thơ |
|---|
| LEADER | 01050nam a2200217Ia 4500 | ||
|---|---|---|---|
| 001 | CTU_187257 | ||
| 008 | 210402s9999 xx 000 0 und d | ||
| 020 | |c 13.98 | ||
| 082 | |a 808.042 | ||
| 082 | |b F786 | ||
| 100 | |a Fowler, H. Ramsey | ||
| 245 | 4 | |a The Little, Brown handbook | |
| 245 | 0 | |c H. Ramsey Fowler, Jane E. Aaron | |
| 260 | |a New York | ||
| 260 | |b Pearson Longman | ||
| 260 | |c 2007 | ||
| 520 | |a The Little, Brown Handbook provides reliable and thorough coverage of such handbook basics as the writing process, grammar, research, and documentation, while also giving detailed discussions of critical reading and writing in academic situations, study skills, argument, using computers and the Internet (for both writing and research), writing in the disciplines, writing for public audiences, and oral presentations. | ||
| 650 | |a English language,Report writing,Anh ngữ thực hành,Viết báo cáo | ||
| 650 | |x Grammar,Ngữ pháp | ||
| 904 | |i Trúc | ||
| 980 | |a Trung tâm Học liệu Trường Đại học Cần Thơ | ||